Les Etats les plus froids des Etats-Unis - Statistiques

Statistiques générales
  • Ce quiz a été pris 49 fois
  • Le résultat moyen est 11 sur 15
Statistiques - réponses
Température Etats % Correct
-3°C à 10°C Alaska
90%
7°C à 12°C New York
90%
3°C à 8°C Dakota du nord
81%
6°C à 11°C Dakota du sud
81%
5°C à 10°C Wyoming
81%
5°C à 10°C Maine
77%
6°C à 12°C Michigan
77%
5°C à 11°C Montana
75%
4°C à 9°C Minnesota
73%
6°C à 10°C Vermont
73%
6°C à 12°C Idaho
71%
6°C à 11°C Wisconsin
69%
8°C à 13°C Iowa
67%
6°C à 11°C New hampshire
63%
7°C à 12°C Massachussets
38%
Aucun quiz correspondant
Distribution des résultats
% des personnes avec chaque résultat
Percentile par nombre de réponses
Votre historique - résultats
Vous n’avez pas pris ce quiz